| 000 | 01129nam a2200253Ia 4500 | ||
|---|---|---|---|
| 003 | OSt | ||
| 005 | 20200831222005.0 | ||
| 008 | 191128s2003 ck a gr 000 0 spa d | ||
| 020 | _a9586824489 | ||
| 040 |
_aCO-JMCR _cCO-JMCR |
||
| 041 | 0 | _aspa | |
| 082 | 0 | 4 |
_a351.7232 / _bC657p _223 |
| 110 | 1 |
_aColombia. _bContraloría General de la República _96721 |
|
| 245 | 1 | 0 |
_aPor el buen uso de los recursos públicos : _bplanes de mejoramiento de la gestión del Estado / _cContraloría General de la República |
| 250 | _aPrimera edición | ||
| 260 |
_aBogotá : _bAlfaomega, _c2003 |
||
| 300 |
_a205 páginas : _bilustraciones a blanco y negro ; _c24 cm. |
||
| 505 | 0 | _aAlcances y características del programa -- Manejo contable y financiero -- Problemas en contratación -- Situación del control interno entidades y actividades especiales -- Entidades en liquidación -- Planes de mejoramiento | |
| 650 | 1 | 4 |
_aAdministración pública _zColombia _99177 |
| 650 | 1 | 4 |
_aControl interno _zColombia _99520 |
| 650 | 1 | 4 |
_aContratos administrativos _zColombia _99521 |
| 650 | 2 | 4 |
_aReforma del estado _zColombia _99522 |
| 942 |
_2ddc _cBK |
||
| 999 |
_c5926 _d5926 |
||